| 000 | 00602nam a22001817a 4500 | ||
|---|---|---|---|
| 999 |
_c170152 _d170152 |
||
| 005 | 20191226142439.0 | ||
| 010 | _aENG-127078 | ||
| 020 |
_c950.00 _a9788193374573 |
||
| 035 | _aEN-110610 | ||
| 037 | _bDBAD/PUB | ||
| 082 | _a280 | ||
| 245 |
_aSalesian sources : _bDon Bosco and his works |
||
| 260 |
_aBengalure _bKristu Jyoti Publications _c2017 |
||
| 270 |
_aBosco Nagar _bKrishnarajapuram, Bengalure _e560036 _mkristujyotipub@yahoo.co.in _k09481201282 |
||
| 300 |
_aCII;1515p. _c21cm(Hb) |
||
| 500 | _aIncludes bibliographical references and index | ||
| 942 |
_2ddc _cEN _h280 _mSAL |
||